000 00815nmc a2200289 a 4500
003 AR-BaBNM
005 20251128205745.0
008 148019s1994 ||||||||||||||000 | spa||
020 _a950-786-053-3
040 _cAR-BaBNM
100 1 _aFatone, Vicente
_d1903-1962
245 1 0 _aFilosofía y poesía
250 _a1ª ed.
260 _aBuenos Aires
_bSecretaría de Cultura de la Nación
_bBiblos
_c1994
300 0 _a131 p.
490 0 _aIdentidad nacional
_vv. 45
500 0 _aContiene referencias bibliográficas en p. 17
650 4 _aLITERATURA ARGENTINA
650 4 _aENSAYO
650 4 _aFILOSOFIA LITERARIA
650 4 _aCRITICA LITERARIA
653 0 _aESTUDIOS LITERARIOS
655 _aLITERATURA
700 1 _aGarcía Bazán, Francisco
_eprologuista
942 _cBK
998 _cMARTIN
999 _c12698
_d12698